Eastern Utah Libraries Catalog: Duchesne, Heber, Roosevelt, & Vernal

The wisdom of history. (Record no. 270429)

MARC details
000 -LEADER
fixed length control field 02433cim a2200469Ia 4500
001 - CONTROL NUMBER
control field ocn173665882
003 - CONTROL NUMBER IDENTIFIER
control field OCoLC
005 - DATE AND TIME OF LATEST TRANSACTION
control field 20200320183450.0
007 - PHYSICAL DESCRIPTION FIXED FIELD--GENERAL INFORMATION
fixed length control field sd fungnn|||ed
008 - FIXED-LENGTH DATA ELEMENTS--GENERAL INFORMATION
fixed length control field 071004s2007 vaunnnn r l n eng d
020 ## - INTERNATIONAL STANDARD BOOK NUMBER
International Standard Book Number 1598033530
020 ## - INTERNATIONAL STANDARD BOOK NUMBER
International Standard Book Number 9781598033533
020 ## - INTERNATIONAL STANDARD BOOK NUMBER
Terms of availability 89.98
028 02 - PUBLISHER NUMBER
Publisher number 4360
Source Teaching Company
028 02 - PUBLISHER NUMBER
Publisher number 4360-03
Source Teaching Company
035 ## - SYSTEM CONTROL NUMBER
System control number (OCoLC)173665882
040 ## - CATALOGING SOURCE
Original cataloging agency DPL
Transcribing agency DPL
Modifying agency WACOL
049 ## - LOCAL HOLDINGS (OCLC)
Holding library WACL
092 0# - LOCALLY ASSIGNED DEWEY CALL NUMBER (OCLC)
Classification number 909
Edition number 22
092 ## - LOCALLY ASSIGNED DEWEY CALL NUMBER (OCLC)
Classification number CD 909
Item number Fea
100 1# - MAIN ENTRY--PERSONAL NAME
Personal name Fears, J. Rufus.
9 (RLIN) 5851417
245 14 - TITLE STATEMENT
Title The wisdom of history.
Medium [sound recording] /
Statement of responsibility, etc J. Rufus Fears.
250 ## - EDITION STATEMENT
Edition statement Library ed.
260 ## - PUBLICATION, DISTRIBUTION, ETC. (IMPRINT)
Place of publication, distribution, etc Chantilly, VA :
Name of publisher, distributor, etc Teaching Company,
Date of publication, distribution, etc c2007.
300 ## - PHYSICAL DESCRIPTION
Extent 6 sound discs :
Other physical details digital ;
Dimensions 4 3/4 in +
Accompanying material 1 course guidebook (iv, 66 p. : maps ; 22 cm)
490 1# - SERIES STATEMENT
Series statement Great courses
500 ## - GENERAL NOTE
General note Unabridged.
538 ## - SYSTEM DETAILS NOTE
System details note Compact discs.
511 0# - PARTICIPANT OR PERFORMER NOTE
Participant or performer note Lecturer: Professor J. Rufus Fears, University of Oklahoma.
500 ## - GENERAL NOTE
General note Lessons 25-36 of 36.
505 0# - FORMATTED CONTENTS NOTE
Formatted contents note Lecture 25: The empire of Genghis Khan -- Lecture 26: Britain's legacy of freedom -- Lecture 27: George Washington as statesman -- Lecture 28: Thomas Jefferson as statesman -- Lecture 29: America's empire of liberty--Lewis and Clark -- Lecture 30: America and slavery -- Lecture 31: Abraham Lincoln as stateman -- Lecture 32: The United States and empire -- Lecture 33: Franklin Roosevelt as statesman -- Lecture 34: Superpower at the crossroads -- Lecture 35: The wisdom of history and the citizen -- Lecture 36: The wisdom of history and you.
650 #0 - SUBJECT ADDED ENTRY--TOPICAL TERM
Topical term or geographic name as entry element World history.
9 (RLIN) 5851418
655 #0 - INDEX TERM--GENRE/FORM
Genre/form data or focus term Audiobooks.
9 (RLIN) 5851419
710 2# - ADDED ENTRY--CORPORATE NAME
Corporate name or jurisdiction name as entry element Teaching Company.
9 (RLIN) 5712390
830 #0 - SERIES ADDED ENTRY--UNIFORM TITLE
Uniform title Great courses (Compact disc)
9 (RLIN) 5712379
942 ## - ADDED ENTRY ELEMENTS (KOHA)
Koha item type CD
948 ## - LOCAL PROCESSING INFORMATION (OCLC); SERIES PART DESIGNATOR (RLIN)
Series part designator, SPT (RLIN) 06/26/2009
b (OCLC) 07/01/2009
z (OCLC) Sirsi
994 ## -
-- 02
-- WACOL
996 ## -
-- 71237
-- 34301000860728
-- CD
-- CD
-- wcl
-- i
-- 13
-- 89.98
-- .CIRCNOTE. 6 discs; 1 booklet
-- .PUBLIC. 6 discs; 1 booklet
-- Teaching Company
-- 909 Fea
-- part 1
-- 07/01/2009
-- 01/05/2018
-- 12/16/2017
996 ## -
-- 71237
-- 34301000860710
-- CD
-- CD
-- wcl
-- i
-- 7
-- 89.98
-- .CIRCNOTE. 6 discs; 1 booklet
-- .PUBLIC. 6 discs; 1 booklet
-- Teaching Company
-- 909 Fea
-- part 2
-- 07/01/2009
-- 10/24/2016
-- 10/06/2016
996 ## -
-- 71237
-- 34301000860702
-- CD
-- CD
-- wcl
-- i
-- 6
-- 89.98
-- .CIRCNOTE. 6 discs; 1 booklet
-- .PUBLIC. 6 discs; 1 booklet
-- Teaching Company
-- 909 Fea
-- part 3
-- 07/01/2009
-- 10/24/2016
-- 10/06/2016
Holdings
Withdrawn status Lost status Source of classification or shelving scheme Materials specified (bound volume or other part) Damaged status Not for loan Collection code Home library Current library Shelving location Date acquired Cost, normal purchase price Serial Enumeration / chronology Total Checkouts Total Renewals Full call number Barcode Date last seen Date checked out Cost, replacement price Price effective from Koha item type Public note
    Dewey Decimal Classification .CIRCNOTE. 6 discs; 1 booklet     Audiobooks Wasatch County Library Wasatch County Library Second Floor 07/01/2009 89.98 part 3 7 1 CD 909 Fea 34301000860702 07/18/2024 01/11/2022 89.98 03/20/2020 Audiobook on CD .PUBLIC. 6 discs; 1 booklet
    Dewey Decimal Classification .CIRCNOTE. 6 discs; 1 booklet     Audiobooks Wasatch County Library Wasatch County Library Second Floor 07/01/2009 89.98 part 2 8 1 CD 909 Fea 34301000860710 07/18/2024 03/30/2021 89.98 03/20/2020 Audiobook on CD .PUBLIC. 6 discs; 1 booklet
    Dewey Decimal Classification .CIRCNOTE. 6 discs; 1 booklet     Audiobooks Wasatch County Library Wasatch County Library Second Floor 07/01/2009 89.98 part 1 14 2 CD 909 Fea 34301000860728 07/18/2024 02/17/2021 89.98 03/20/2020 Audiobook on CD .PUBLIC. 6 discs; 1 booklet
This project was made possible through a grant from the Institute of Museum and Library Service administered by the Utah State Library Division.

Wasatch County Library

  • 465 East 1200 South, Heber City, Utah 84032
  • Phone 435-654-1511 | Fax 435-654-6456

Hours

  • Monday - Friday 9:30 AM - 8:00 PM
  • Saturday 9:30 AM - 1:30 PM
  • Closed Sundays and Holidays